000 00540nam a22001937a 4500
005 20260422124343.0
008 260422b |||||||| |||| 00| 0 eng d
020 _a9789389393958
_c695.00
040 _aMAIN
041 _aEnglish
082 _a632.3078
_bDEV
100 _aSingh, R.S.
_910246
245 _aDelvin's Principle And Practice of Plant Pathology And Plant Pathology
250 _a4th
260 _aNew Delhi
_bMedTech Science Press
_c2025
300 _a274
650 _aBiological Science (PM USHA)
_926674
942 _cBK
999 _c60670
_d60670